English in medicine : (Record no. 13914)
[ view plain ]
| 000 -LEADER | |
|---|---|
| fixed length control field | 01471cam a2200361 a 4500 |
| 001 - CONTROL NUMBER | |
| control field | 14019914 |
| 003 - CONTROL NUMBER IDENTIFIER | |
| control field | OSt |
| 005 - DATE AND TIME OF LATEST TRANSACTION | |
| control field | 20140310182511.0 |
| 008 - FIXED-LENGTH DATA ELEMENTS--GENERAL INFORMATION | |
| fixed length control field | 050110s2005 enka 000 0 eng |
| 010 ## - LIBRARY OF CONGRESS CONTROL NUMBER | |
| LC control number | 2005560199 |
| Canceled/invalid LC control number | 2005586140 |
| 020 ## - INTERNATIONAL STANDARD BOOK NUMBER | |
| International Standard Book Number | 0521606667 (coursebook) |
| 040 ## - CATALOGING SOURCE | |
| Original cataloging agency | DLC |
| Transcribing agency | DLC |
| Modifying agency | DLC |
| 050 00 - LIBRARY OF CONGRESS CALL NUMBER | |
| Classification number | PE 1127 |
| Item number | .G558 2007 |
| 100 1# - MAIN ENTRY--PERSONAL NAME | |
| Personal name | Glendinning, Eric H. |
| 9 (RLIN) | 9023 |
| 245 10 - TITLE STATEMENT | |
| Title | English in medicine : |
| Remainder of title | a course in communication skills / |
| Statement of responsibility, etc | Eric H. Glendinning, Beverly A.S. Holmström. |
| 250 ## - EDITION STATEMENT | |
| Edition statement | 3rd ed. |
| 260 ## - PUBLICATION, DISTRIBUTION, ETC. (IMPRINT) | |
| Place of publication, distribution, etc | Cambridge, U.K. ; |
| Name of publisher, distributor, etc | Cambridge University Press, |
| Date of publication, distribution, etc | 2007. |
| 300 ## - PHYSICAL DESCRIPTION | |
| Extent | 150 p. ; |
| Other physical details | ill. ; |
| Dimensions | 25 cm. |
| 440 #0 - SERIES STATEMENT/ADDED ENTRY--TITLE | |
| Title | Cambridge professional English |
| 9 (RLIN) | 9024 |
| 562 ## - COPY AND VERSION IDENTIFICATION NOTE | |
| Number of copies | |
| 650 #0 - SUBJECT ADDED ENTRY--TOPICAL TERM | |
| Topical term or geographic name as entry element | Readers |
| General subdivision | Medicine. |
| 9 (RLIN) | 9025 |
| 650 #0 - SUBJECT ADDED ENTRY--TOPICAL TERM | |
| Topical term or geographic name as entry element | English language |
| General subdivision | Medical English. |
| 9 (RLIN) | 9026 |
| 650 #0 - SUBJECT ADDED ENTRY--TOPICAL TERM | |
| Topical term or geographic name as entry element | English language |
| Form subdivision | Textbooks for foreign speakers. |
| 9 (RLIN) | 9027 |
| 650 #0 - SUBJECT ADDED ENTRY--TOPICAL TERM | |
| Topical term or geographic name as entry element | English language |
| Form subdivision | Conversation and phrase books (for medical personnel) |
| 9 (RLIN) | 9028 |
| 650 #0 - SUBJECT ADDED ENTRY--TOPICAL TERM | |
| Topical term or geographic name as entry element | Communication in medicine |
| Form subdivision | Problems, exercises, etc. |
| 9 (RLIN) | 9029 |
| 650 #0 - SUBJECT ADDED ENTRY--TOPICAL TERM | |
| Topical term or geographic name as entry element | Medicine |
| General subdivision | Language. |
| 9 (RLIN) | 9030 |
| 700 1# - ADDED ENTRY--PERSONAL NAME | |
| Personal name | Holmström, Beverly A. S. |
| 9 (RLIN) | 9031 |
| 856 42 - ELECTRONIC LOCATION AND ACCESS | |
| Materials specified | Publisher description |
| Uniform Resource Identifier | <a href="http://www.loc.gov/catdir/enhancements/fy0632/2005560199-d.html">http://www.loc.gov/catdir/enhancements/fy0632/2005560199-d.html</a> |
| 906 ## - LOCAL DATA ELEMENT F, LDF (RLIN) | |
| a | 7 |
| b | cbc |
| c | orignew |
| d | 2 |
| e | ncip |
| f | 20 |
| g | y-genmusic |
| 942 ## - ADDED ENTRY ELEMENTS (KOHA) | |
| Source of classification or shelving scheme | Library of Congress Classification |
| Koha item type | |
| Withdrawn status | Lost status | Source of classification or shelving scheme | Damaged status | Home library | Current library | Shelving location | Date acquired | Total Checkouts | Full call number | Barcode | Date last seen | Copy number | Price effective from | Koha item type |
|---|---|---|---|---|---|---|---|---|---|---|---|---|---|---|
| Library of Congress Classification | South SEED-LPDH College Library | South SEED-LPDH College Library | South SEED-LPDH College Section | 08/08/2013 | PE 1127 .G558 2007 | SSLC0708 | 05/15/2018 | 1 | 08/08/2013 | Books |